Algunos indicadores económicos /

Guardado en:
Bibliografiske detaljer
Hovedforfatter: Moguel, José Antonio
Andre forfattere: José Antonio Moreno
Format: Texto
Tags: Tilføj Tag
Ingen Tags, Vær først til at tagge denne postø!

MARC

LEADER 00000 a a2200000 04500
001 45773
003
040 |a CRAI/IIS  |c CRAI/IIS 
100 |a Moguel, José Antonio  
245 |a Algunos indicadores económicos /  |c José Antonio Moguel y José Antonio Moreno  
700 |a José Antonio Moreno  
773 |g número43 (1989), páginas 6-10  
999 |c 18459  |d 18459